00212nam a2200061Ia 4500245003100000100007800031008004100109 0aIndustrial electronics N4  a VAN HEERDEN, R B J (Roelof Barend Johannes) Pinegowrie, 2000 1st ed 210818s9999 xx 000 0 und d